|
|
|
|
| LEADER |
02344nam a2200601 a 4500 |
| 001 |
nkc20132536294 |
| 003 |
CZ PrNK |
| 005 |
20140609093808.0 |
| 007 |
ta |
| 008 |
131218s2013 xr a f 000 0dcze |
| 015 |
|
|
|a cnb002536294
|
| 020 |
|
|
|a 978-80-903467-5-8
|q (brož.)
|
| 035 |
|
|
|a (OCoLC)883370630
|
| 040 |
|
|
|a OLA001
|b cze
|
| 041 |
0 |
|
|a cze
|b eng
|b fre
|b ger
|
| 043 |
|
|
|a e-xr---
|
| 045 |
|
|
|a x-y-
|
| 072 |
|
7 |
|a 72/76
|x Výtvarné umění
|2 Konspekt
|9 21
|
| 080 |
|
|
|a 72/76(437.3)
|2 MRF
|
| 080 |
|
|
|a 7.036/.038
|2 MRF
|
| 080 |
|
|
|a 7.01
|2 MRF
|
| 080 |
|
|
|a (437.3)
|2 MRF
|
| 080 |
|
|
|a (048.8)
|2 MRF
|
| 080 |
|
|
|a (084.11)
|2 MRF
|
| 100 |
1 |
|
|a Pavlíček, Jan F.,
|d 1975-
|7 ola2014819779
|4 aut
|
| 245 |
1 |
0 |
|a Ars conceptus - vnitřní prostor /
|c Jan F. Pavlíček
|
| 250 |
|
|
|a Vyd. 1.
|
| 260 |
|
|
|a [Brno] :
|b Centrum experimentálního divadla,
|c 2013
|
| 300 |
|
|
|a 107 s. :
|b il. (převážně barev.) ;
|c 21 cm
|
| 500 |
|
|
|a Životopisná data umělců, přehled výstav a zastoupení ve sbírkách
|
| 504 |
|
|
|a Obsahuje bibliografii a bibliografické odkazy
|
| 546 |
|
|
|a Anglické, francouzské a německé resumé
|
| 600 |
1 |
7 |
|a Bubeník, Josef,
|d 1965-
|7 mzk2006353882
|2 czenas
|
| 600 |
1 |
7 |
|a Medek, Tomáš,
|d 1969-
|7 jn20000401766
|2 czenas
|
| 600 |
1 |
7 |
|a Sedláková, Vladimíra,
|d 1952-
|7 jn20000402198
|2 czenas
|
| 648 |
|
7 |
|a 20.-21. století
|7 ch462155
|2 czenas
|
| 650 |
0 |
7 |
|a české výtvarné umění
|7 ph116865
|y 20.-21. století
|2 czenas
|
| 650 |
0 |
7 |
|a moderní umění
|7 ph115340
|z Česko
|2 czenas
|
| 650 |
0 |
7 |
|a prostor (umění)
|7 ph115525
|2 czenas
|
| 650 |
0 |
9 |
|a Czech art
|y 20th-21st centuries
|2 eczenas
|
| 650 |
0 |
9 |
|a modern art
|z Czechia
|2 eczenas
|
| 650 |
0 |
9 |
|a space (art)
|2 eczenas
|
| 655 |
|
7 |
|a monografie
|7 fd132842
|2 czenas
|
| 655 |
|
7 |
|a obrazové publikace
|7 fd132947
|2 czenas
|
| 655 |
|
9 |
|a monographs
|2 eczenas
|
| 655 |
|
9 |
|a pictorial works
|2 eczenas
|
| 856 |
4 |
1 |
|u http://www.digitalniknihovna.cz/mzk/uuid/uuid:dcccd020-b277-11e4-a7a2-005056827e51
|y Digitalizovaný dokument
|x NDK
|
| 910 |
2 |
|
|a BOA001
|b 2-1325.898
|
| 990 |
|
|
|a BK
|
| 995 |
|
|
|a 01
|
| 991 |
|
|
|b 201406
|c NOV
|j 73/77 PAV
|e n
|
| 996 |
6 |
|
|b 2610590824
|c 2-1325.898
|l MZK
|r Sklad / do 1 hodiny
|n 2
|p p.v.
|w 001420058
|u 000010
|a 1
|e BOA001
|j MZK50
|s P
|
| 996 |
7 |
|
|b 2610590825
|c 2-1325.898
|l MZK
|r Sklad / do 1 hodiny
|n 6
|p p.v.
|w 001420058
|u 000020
|a 1
|e BOA001
|j MZK50
|s A
|